Pedagogía de la convivencia
Uloženo v:
| Hlavní autor: | |
|---|---|
| Médium: | Kniha |
| Jazyk: | španělština |
| Vydáno: |
Barcelona
Graó
2006
|
| Vydání: | 1a. ed |
| Edice: | Biblioteca de Aula, 228
|
| Témata: | |
| Tagy: |
Přidat tag
Žádné tagy, Buďte první, kdo vytvoří štítek k tomuto záznamu!
|
MARC
| LEADER | 00000nam a2200000 a 4500 | ||
|---|---|---|---|
| 001 | UCH9344 | ||
| 003 | CL-VaPUC | ||
| 008 | 091231e20060900SP |||||||||||||||||spa|d | ||
| 020 | |a 9788478274512 | ||
| 082 | 0 | 4 | |a 371.1024 |b JAR |2 21 |
| 100 | |a Jares, Xesús R |e author |9 546348 | ||
| 245 | 1 | 0 | |a Pedagogía de la convivencia |
| 250 | |a 1a. ed | ||
| 300 | |a 175 p | ||
| 942 | |c BK | ||
| 945 | |d 20091231 00:00:00 |a dcastane | ||
| 260 | |a Barcelona |b Graó |c 2006 | ||
| 650 | 7 | |a RELACION DOCENTE ALUMNO |2 CL-VaPUC |9 307734 | |
| 650 | 0 | |a Actitud del alumno |9 310214 | |
| 650 | 0 | |a Métodos de investigación |9 262618 | |
| 650 | 0 | |a Convivencia escolar |9 519500 | |
| 583 | |a last modification |c 20131129 02:41:54 |k Rodrigo Vera | ||
| 490 | 0 | |a Biblioteca de Aula, 228 | |
| 999 | |c 339333 |d 339331 | ||
| 952 | |0 0 |1 0 |4 0 |6 371_102400000000000_JAR_2006 |7 0 |8 A |9 432927 |a BIBEDU |b BIBEDU |d 2019-11-22 |i 463067K |o 371.1024 JAR 2006 |p 463067K |r 2019-11-22 |w 2019-11-22 |y BK |k PSI | ||